000 00648nam a2200193 i 4500
001 117751
003 ES-MaACL
005 20250809103323.0
007 t|
008 070214s1964 sp af |||| |cspa d
100 1 _aPereda de la Reguera, Manuel.
_990454
245 1 0 _aCarlos e Irene /
_cManuel Pereda de la Reguera.
260 _aSantander :
_bInstituto de la Información,
_c1964 (
_fGráf. Aldus)
300 _a208 p., 20 lám. :
_bil. ;
_c20 cm.
600 1 7 _aBorbón Parma, Carlos Hugo de,
_d1930-2010
_2embne
_930360
600 1 4 _aLippe-Biesterfeld Orange-Nassau, Irene.
_9169917
852 _aES-MaACL
_jC-26306
999 _c117751
_d117751